Statistics for Halo random quiz

Click here to take the quiz!

General Stats

  • This quiz has been taken 1,047 times
    (1,046 since last reset)
  • The average score is 12 of 30

Answer Stats

HintAnswer% Correct
main character of halo 3Master Chief
93%
Chief's AICortana
88%
halo reach subsitute for the battle rifleDMR
87%
main character of halo reachNoble 6
76%
main character of odstRookie
70%
what chief is put into at the end of halo 3cryosleep
65%
Age when spartans were kidnapped6
62%
Other name for mgalekegolohunter
60%
final halo 3 missonHalo
52%
person who is turned into proto gravemindCaptain Keyes
48%
First spartan casuality in reachJorge
48%
Spartans can only be listed as .....MIA
43%
other name for yanm'medrone
40%
unlocked by completing campaign on legendary in odstDare armor
36%
official name for jackalskig yar
36%
forerunners adversaryThe flood
36%
Last alternate odst you play asromeo
30%
official name for elitessangheili
29%
Name for the arbiter that assists youThel' Vaddam
28%
Mendicant Bias is an .....Artificial Inteligence
27%
Who does the arbiter kill at the end of halo 2?Tartarus
26%
official name for master chief's armorMJOLNIR Mark VI
25%
city where portal to the ark is locatedvoi
21%
Name of the Shipmaster in halo 3Rtas' Vadumee
13%
official name for prophetssan shyuum
13%
What easter egg can be found at the legendary ending of ODST?the monkey man
12%
Whan vehicle did engineer Lighter than some create?The brute chopper
6%
Full Rank of John 117Master chief petty officer of the navy
4%
Branch Master chief is associated withNAVSPECWEB
3%
Official name for engineersHugarok
1%

Score Distribution

Percentile by Number Answered

Percent of People with Each Score

Your Score History

You have not taken this quiz since the last reset